10 Logos de clubs de foot : Facile - Statistiques

Statistiques générales
  • Ce quiz a été pris 73 fois
  • Le résultat moyen est 10 sur 10
Statistiques - réponses
Par images Réponse % Correct
Arsenal
100%
FC Barcelone
100%
Paris Saint-Germain
100%
Real Madrid
100%
Bayern Münich
98%
Borussia Dortmund
98%
Liverpool
98%
Manchester City
98%
Ajax Amsterdam
97%
S.L. Benfica
94%
Aucun quiz correspondant
Distribution des résultats
% des personnes avec chaque résultat
Percentile par nombre de réponses
Votre historique - résultats
Vous n’avez pas pris ce quiz